| 000 | 01880nam a22002537a 4500 | ||
|---|---|---|---|
| 999 |
_c58292 _d58292 |
||
| 003 | Ge_BSU | ||
| 005 | 20211027113710.0 | ||
| 008 | 211027s2020 ge ||||| |||| 00| 0 geo d | ||
| 020 | _a 9789941819148 | ||
| 041 | _ageo | ||
| 080 | _a342.731(479.22) რ-40 | ||
| 245 |
_aრელიგიის თავისუფლება საქართველოსა და საერთაშორისო კანონმდებლობით / _cრელიგიის საკითხთა სახელმწიფო სააგენტო ; წიგნზე მუშაობდნენ: ზაზა ვაშაყმაძე, ნათია გუდაძე, გვანცა ცხოვრებაძე [და სხვა.] ; მთ. რედაქტორი ზაზა ვაშაყმაძე ; რედაქტორები: ნათია გუდაძე, გვანცა ცხოვრებაძე. |
||
| 264 |
_aთბილისი, _c2020. |
||
| 300 |
_a576 გვ. ; _b24 სმ. |
||
| 504 | _aბიბლიოგრაფია ტექსტის შენიშვნებში. | ||
| 653 | _aრელიგიის თავისუფლება საქართველოში | ||
| 653 | _aრელიგია | ||
| 653 | _aსამართალი | ||
| 700 |
_aვაშაყმაძე, ზაზა _eმთ. რედაქტორი, წინასიტყვაობის ავტორი. _912744 |
||
| 700 |
_aგუდაძე, ნათია _eრედაქტორი _912745 |
||
| 700 |
_aცხოვრებაძე, გვანცა და სხვ. _eრედაქტორი _912486 |
||
| 710 |
_aრელიგიის საკითხთა სახელმწიფო სააგენტო _963 |
||
| 942 |
_2udc _cBK |
||